000 00718nam a2200289Ia 4500
005 20260324111652.0
008 008 260324s9999 xx 000 0 eng d
020 _a9781003507437
037 _aEBOOK
040 _aCRL
040 _beng
040 _cCRL
041 _2eng
041 _aeng
084 _qCRL
100 _aLory Mitchell Wingate
_91042457
245 0 _aProject Management for Research and Development
245 0 _bGuiding Innovation for Positive R&D Outcomes
260 _bTaylor and Francis
260 _c2025
365 _a
365 _b355
856 _uhttp://www.taylorfrancis.com/books/9781003507437
942 _cEBOOK
999 _c1728417
_d1728417